000 00327nam a2200133 i 4500
001 bg
100 1 _aSZOT, Z.
245 0 _aDziałanie promieniowania jonizującego na materię żywą /
_cZ. Szot.
260 _aWarszawa,
_c1977.
040 _cBPK
041 _apol
942 _cKS
008 s pl f |000 0 pol
999 _c17608
_d17608
856 _uhttp://koha.tu.koszalin.pl/cgi-bin/koha/opac-detail.pl?biblionumber=17608
_yKatalog online BPK